Sports Quiz

Random Sports or Football Quiz

NFL Three-Team Coaches Quiz Stats

 Plays Quiz Updated Jan 11, 2019

Challenge
Share
Tweet
Embed
Score 0/20 Timer 07:00
0 Plays Today
Head Coach % Correct
Bill Parcells
88.3%
Pete Carroll
85.5%
John Fox
82.5%
Mike Shanahan
81.8%
Wade Phillips
78.7%
Marty Schottenheimer
69.2%
Norv Turner
68.2%
Dick Vermeil
65.6%
Dan Reeves
58.4%
Mike Mularkey
44.6%
Head Coach % Correct
Curly Lambeau
31.9%
Dick Jauron
31.7%
Chuck Knox
29.9%
Forrest Gregg
21.8%
Jack Pardee
18.6%
Lou Saban
9.6%
Sid Gillman
8.3%
Buddy Parker
3.7%
Mike McCormack
3.3%
Joe Kuharich
2.6%

You're not logged in!

Compare scores with friends on all Sporcle quizzes.
OR
Log In

You Might Also Like...

Show Comments

Extras

Top Quizzes Today


Score Distribution

Your Account Isn't Verified!

In order to create a playlist on Sporcle, you need to verify the email address you used during registration. Go to your Sporcle Settings to finish the process.

Report this User

Report this user for behavior that violates our Community Guidelines.

Details: